Statistics for 2016 Europa League Final Liverpool - Sevilla

Click here to take the quiz!

General Stats

  • This quiz has been taken 126 times
  • The average score is 12 of 30

Answer Stats

Player% Correct
Dejan Lovren
86%
Simon Mignolet
85%
James Milner
76%
Alberto Moreno
75%
Roberto Firmino
74%
Daniel Sturridge ¹
73%
Philippe Coutinho
70%
Nathaniel Clyne
69%
Jürgen Klopp
66%
Adam Lallana
65%
Divock Origi
51%
Emre Can
51%
Unai Emery
47%
Éver Banega
35%
Kevin Gameiro ¹
35%
Joe Allen
33%
Christian Benteke
31%
Coke ²
29%
Kolo Touré
27%
Steven Nzonzi
24%
Grzegorz Krychowiak
22%
Daniel Carriço
19%
Vitolo
19%
Adil Rami
18%
Mariano
15%
Sergio Escudero
14%
Timothée Kolodziejczak
14%
David Soria
13%
Vicente Iborra
11%
Sebastián Cristóforo
4%

Score Distribution

Percentile by Number Answered

Percent of People with Each Score

Your Score History

You have not taken this quiz